Manažment rizika

Bibliographic Details
Main Authors: Filip, Stanislav, 1952- (Author), Šimák, Ladislav (Author), Kováč, Marián (Author)
Format: Book
Language:Slovak
PhysicalDescription:199 s. fotogr., sch., tab. 22 cm
Published: Bratislava Sprint dva 2011
ISBN:9788089393497
Edition:1. vyd.
Series:Economics
Subjects:

MARC

LEADER 00000cam a2200000 a 4500
001 vtls010277533
003 SK-MaSNL
005 20260302011740.0
008 240314s2011 si ol d p 001 0 slo
015 |a SNBA2011/07-04036 
020 |a 9788089393497  |q (viaz.) 
035 |a 0716BB70-514C-4CFE-94EE-65191C867C25 
035 |a urn:nbn:sk:snk-aml60a 
035 |a urn:nbn:sk:snk-am008v3d 
040 |a SNK  |b slo  |c SNK  |e AACR2 
041 0 |a slo 
044 |a xo  |c SK 
072 7 |a 005  |x Manažment. Riadenie  |2 konspekt 
080 |a 005.334:005.332.3  |2 2001 
080 |a (075.8)  |2 2001 
100 1 |a Filip, Stanislav,  |d 1952-  |4 aut  |9 236957 
245 1 0 |a Manažment rizika  |c Stanislav Filip, Ladislav Šimák, Marián Kováč 
250 |a 1. vyd. 
260 |a Bratislava  |b Sprint dva  |c 2011 
300 |a 199 s.  |b fotogr., sch., tab.  |c 22 cm 
490 1 |a Economics 
504 |a Bibliogr. odkazy. Reg. 
650 0 7 |a manažment rizika  |2 SNKPH  |9 4289 
650 0 7 |a Risk management  |2 SNKPHeng  |9 282385 
655 7 |a učebnice vysokých škôl  |2 SNKPH  |9 70191 
655 7 |a Textbooks (higher)  |2 SNKPHeng  |9 276436 
700 1 |a Šimák, Ladislav  |4 aut  |9 311166 
700 1 |a Kováč, Marián  |4 aut  |9 9569 
830 0 |a Economics  |9 318644 
852 |a Štátna vedecká knižnica v Banskej Bystrici 
919 |a 978-80-89393-49-7 
958 |a NB 
958 |a OND 
968 |d 0 
999 |c 1007272  |d 1009202 
952 |a SNK  |b SNK  |y VYP  |7 0  |p 17A0703199  |o snkSC 145512 D1  |i snk2011/11623  |8 0  |0 0  |1 0  |4 0  |d 2011-05-20  |l 0  |r 2026-02-24 12:40:15  |w 2026-02-24 
952 |a SNK  |b SNK  |y PREZ  |7 0  |p 17A0703200  |o snkSC 145512  |i snk2011/11622  |8 0  |0 0  |1 0  |4 0  |d 2011-05-20  |f 1  |l 0  |r 2025-07-14 00:00:00  |w 2026-02-24